[Event "Liga Insular Gran Canaria Preferente"]
[Site "Las Palmas"]
[Date "2019.05.18"]
[Round "7.3"]
[White "Rodriguez Melian, Jose Luis"]
[Black "Vega Ortega, Francisco Andres"]
[Result "1-0"]
[WhiteElo "2095"]
[BlackElo "1627"]
[PlyCount "65"]
[EventDate "2019.03.02"]
[EventType "team-tourn"]
[EventRounds "9"]
[EventCountry "ESP"]
[SourceTitle "EXT 2021"]
[Source "ChessBase"]
[SourceDate "2020.10.23"]
[SourceVersion "1"]
[SourceVersionDate "2020.10.23"]
[SourceQuality "1"]
[WhiteTeam "Guia Univac"]
[BlackTeam "Mogan"]
[WhiteTeamCountry "ESP"]
[BlackTeamCountry "ESP"]

1. d4 d5 2. Nf3 e6 3. g3 Nf6 4. Bg2 c5 5. 0-0 Nc6 6. b3 Bd7 7. Bb2 Be7 8. dxc5 Bxc5 9. Nbd2 0-0 10. c4 Rc8 11. a3 dxc4 12. Nxc4 b5 13. Nd6 Rb8 14. b4 Bxd6 15. Qxd6 Qe7 16. Rfd1 Qxd6 17. Rxd6 Be8 18. Rc1 Rb6 19. Rcd1 Nd5 20. e4 Nf6 21. Nd2 Nd7 22. f4 e5 23. Nf3 Ncb8 24. fxe5 Rc6 25. Nd4 Rxd6 26. exd6 Nf6 27. Nf5 Bd7 28. Nxg7 Kxg7 29. e5 Ng4 30. e6+ Kg8 31. exd7 Nxd7 32. Rd5 a6 33. Rg5# 1-0

[Event "Liga Insular Gran Canaria Preferente"]
[Site "Las Palmas"]
[Date "2019.03.23"]
[Round "4.4"]
[White "Concepcion Villanueva, Daniel"]
[Black "Vega Ortega, Francisco Andres"]
[Result "1/2-1/2"]
[WhiteElo "1792"]
[BlackElo "1627"]
[PlyCount "219"]
[EventDate "2019.03.02"]
[EventType "team-tourn"]
[EventRounds "9"]
[EventCountry "ESP"]
[SourceTitle "EXT 2021"]
[Source "ChessBase"]
[SourceDate "2020.10.23"]
[SourceVersion "1"]
[SourceVersionDate "2020.10.23"]
[SourceQuality "1"]
[WhiteTeam "Sociedad La Montana"]
[BlackTeam "Mogan"]
[WhiteTeamCountry "ESP"]
[BlackTeamCountry "ESP"]

1. d4 e6 2. Nf3 d5 3. Bf4 c5 4. c3 Nc6 5. e3 Qb6 6. Qc2 Nf6 7. Nbd2 Bd7 8. Be2 Be7 9. h3 Rc8 10. dxc5 Bxc5 11. Nb3 Be7 12. 0-0 0-0 13. Rac1 Nb4 14. Qb1 Nc6 15. Rfd1 Na5 16. Nbd4 Nc4 17. b3 Nd6 18. a4 Nfe4 19. Ne5 Rfd8 20. c4 Qb4 21. Qb2 Bxa4 22. Nd3 Nxc4 23. Qa1 Qa5 24. Qxa4 Qxa4 25. bxa4 h6 26. f3 Nf6 27. Kf2 Nd7 28. Bg3 Ndb6 29. Ne5 Nb2 30. a5 Nxd1+ 31. Rxd1 Nc4 32. Nxc4 dxc4 33. Rb1 Rd7 34. Rc1 Bb4 35. a6 bxa6 36. Rxc4 Rxc4 37. Bxc4 a5 38. Ke2 Kf8 39. Kd3 Ke7 40. Bb5 Rd8 41. Ke4 f5+ 42. Kd3 Kf6 43. Kc4 Rd5 44. Kb3 e5 45. Bc4 Rd7 46. Nc6 Bd6 47. Nxa5 Bc5 48. Nc6 Bxe3 49. Bxe5+ Kg5 50. g4 fxg4 51. hxg4 Bf4 52. Bd4 h5 53. gxh5 Kxh5 54. Bxa7 Rd1 55. Bf7+ Kh4 56. Be6 Rd3+ 57. Kc4 Rxf3 58. Bd5 Rf1 59. Nd4 g5 60. Nf5+ Kh3 61. Ne3 Bxe3 62. Bxe3 g4 63. Be6 Kg3 64. Ba7 Kh4 65. Kd3 Re1 66. Bc8 g3 67. Kd2 Re8 68. Bf5 g2 69. Bg1 Rf8 70. Be4 Rf1 71. Bxg2 Rxg1 72. Ba8 Rb1 73. Kc2 Rb5 74. Kc3 Kg4 75. Kc4 Rb6 76. Kc5 Rb2 77. Kd4 Kf5 78. Bh1 Kf4 79. Kc3 Rb8 80. Kc4 Rd8 81. Kc5 Rd2 82. Kc4 Ke3 83. Kc3 Rd8 84. Kc4 Kd2 85. Kc5 Kc3 86. Kc6 Kb4 87. Kc7 Rd2 88. Kc6 Kc4 89. Kc7 Kc5 90. Ba8 Rf2 91. Kd7 Re2 92. Bf3 Rh2 93. Ba8 Rh6 94. Ke7 Ra6 95. Bh1 Kd4 96. Kd7 Ke5 97. Kc7 Ke6 98. Kb7 Rd6 99. Kc7 Ke7 100. Ba8 Rd2 101. Kc6 Ra2 102. Bb7 Ke6 103. Kc5 Ke5 104. Kc4 Rd2 105. Kc3 Rd4 106. Ba8 Ra4 107. Bh1 Ra3+ 108. Kc4 Ra1 109. Bg2 Ra4+ 110. Kd3 1/2-1/2

[Event "Liga Insular Gran Canaria Preferente"]
[Site "Las Palmas"]
[Date "2019.03.16"]
[Round "3.4"]
[White "Vega Ortega, Francisco Andres"]
[Black "Martinez Molina, Jose Juan"]
[Result "0-1"]
[WhiteElo "1627"]
[BlackElo "1681"]
[PlyCount "102"]
[EventDate "2019.03.02"]
[EventType "team-tourn"]
[EventRounds "9"]
[EventCountry "ESP"]
[SourceTitle "EXT 2021"]
[Source "ChessBase"]
[SourceDate "2020.10.23"]
[SourceVersion "1"]
[SourceVersionDate "2020.10.23"]
[SourceQuality "1"]
[WhiteTeam "Mogan"]
[BlackTeam "Anand"]
[WhiteTeamCountry "ESP"]
[BlackTeamCountry "ESP"]

1. e4 d6 2. Nf3 Nf6 3. Nc3 g6 4. Bc4 Bg7 5. d3 c6 6. 0-0 Na6 7. a3 0-0 8. Re1 Nc7 9. Bb3 Be6 10. Bxe6 Nxe6 11. Ne2 Qc7 12. c3 a5 13. h3 a4 14. b4 axb3 15. Qxb3 Nc5 16. Qc2 Ra6 17. Ng3 e5 18. Be3 Ne6 19. Reb1 Rfa8 20. Rb3 Nd7 21. c4 Ndc5 22. Rc3 b6 23. Nd2 Qa7 24. Ra2 Qd7 25. Qc1 Na4 26. Rb3 Nec5 27. Bxc5 Nxc5 28. Rc3 d5 29. cxd5 cxd5 30. Nf3 Ra4 31. Qc2 d4 32. Rc4 Rxa3 33. Rb2 Qd6 34. Ne1 Qd8 35. Rcb4 R8a6 36. Kf1 Bf8 37. Rb5 Rc3 38. Qe2 Rca3 39. Kg1 Na4 40. R2b3 Nc3 41. Qb2 Nxb5 42. Rxb5 Qc7 43. Nf3 Bg7 44. Ne1 Ra1 45. Kf1 Qc1 46. Qxc1 Rxc1 47. Rb2 Raa1 48. Re2 b5 49. h4 b4 50. f3 Bh6 51. h5 b3 0-1

[Event "Canarias-chT"]
[Site "Vecindario"]
[Date "2018.06.01"]
[Round "3.3"]
[White "Vega Ortega, Francisco Andres"]
[Black "Diaz Martin, Cristina"]
[Result "0-1"]
[WhiteElo "1685"]
[BlackElo "1624"]
[PlyCount "44"]
[EventDate "2018.05.31"]
[EventType "team-swiss"]
[EventRounds "6"]
[EventCountry "ESP"]
[SourceTitle "EXT 2019"]
[Source "ChessBase"]
[SourceDate "2018.10.10"]
[SourceVersion "1"]
[SourceVersionDate "2018.10.10"]
[SourceQuality "1"]
[WhiteTeam "Mogan V"]
[BlackTeam "Roque Niquiomo"]
[WhiteTeamCountry "ESP"]
[BlackTeamCountry "ESP"]

1. e4 e5 2. Nf3 Nc6 3. Bc4 Nf6 4. d3 Bc5 5. c3 d6 6. Bg5 h6 7. Bh4 a6 8. Bb3 Ba7 9. Nbd2 0-0 10. 0-0 g5 11. Bg3 Ne7 12. h3 Ng6 13. Re1 Be6 14. Nf1 Qd7 15. Bxe6 fxe6 16. Ne3 Qf7 17. Qd2 Kg7 18. Kf1 Nh5 19. d4 Ngf4 20. Bxf4 Nxf4 21. Ng1 Nh5 22. Ng4 Ng3# 0-1

[Event "Las Palmas Insular-chT Segunda 1718"]
[Site "Las Palmas"]
[Date "2018.01.20"]
[Round "6.4"]
[White "Vega Ortega, Francisco Andres"]
[Black "Monzon Aleman, Ayoze"]
[Result "0-1"]
[WhiteElo "1660"]
[BlackElo "1720"]
[PlyCount "70"]
[EventDate "2017.10.28"]
[EventType "team-swiss"]
[EventRounds "9"]
[EventCountry "ESP"]
[SourceTitle "EXT 2019"]
[Source "ChessBase"]
[SourceDate "2018.10.10"]
[SourceVersion "1"]
[SourceVersionDate "2018.10.10"]
[SourceQuality "1"]
[WhiteTeam "Mogan II"]
[BlackTeam "Grandama III"]
[WhiteTeamCountry "ESP"]
[BlackTeamCountry "ESP"]

1. e4 e5 2. Nf3 Nc6 3. Bc4 Nf6 4. d3 h6 5. c3 Be7 6. b4 d6 7. 0-0 Bg4 8. Nbd2 Qd7 9. Qb3 0-0 10. Bb2 a6 11. a4 Rad8 12. Rfe1 d5 13. exd5 Nxd5 14. Nxe5 Nxe5 15. Rxe5 Nb6 16. d4 Nxc4 17. Qxc4 Bd6 18. Ree1 Qf5 19. Ne4 Qg6 20. Nxd6 Bh3 21. g3 Rxd6 22. Re3 Qc2 23. Qe2 Qf5 24. Re5 Re6 25. f4 Rfe8 26. Re1 Rxe5 27. dxe5 Rd8 28. Ba1 Qd3 29. Qe4 Qxe4 30. Rxe4 Rd1+ 31. Kf2 Rxa1 32. Rd4 c6 33. a5 Ra2+ 34. Kg1 Rg2+ 35. Kh1 Rf2 0-1

[Event "Las Palmas Insular-chT Segunda-B 1617"]
[Site "Las Palmas"]
[Date "2017.01.21"]
[Round "9.4"]
[White "Yuan, Ying Jie"]
[Black "Vega Ortega, Francisco Andres"]
[Result "1-0"]
[WhiteElo "1199"]
[BlackElo "1638"]
[PlyCount "89"]
[EventDate "2016.10.22"]
[EventType "team-tourn"]
[EventRounds "14"]
[EventCountry "ESP"]
[SourceTitle "EXT 2018"]
[Source "ChessBase"]
[SourceDate "2017.10.13"]
[SourceVersion "1"]
[SourceVersionDate "2017.10.13"]
[SourceQuality "1"]
[WhiteTeam "Hotel Avda de Canarias V"]
[BlackTeam "Mogan"]
[WhiteTeamCountry "ESP"]
[BlackTeamCountry "ESP"]

1. e4 e6 2. d4 d5 3. e5 c5 4. c3 Nc6 5. Nf3 Qb6 6. Bd3 Bd7 7. Bc2 Be7 8. 0-0 f6 9. Re1 cxd4 10. cxd4 Rc8 11. Nc3 fxe5 12. dxe5 Bb4 13. Bd2 Nge7 14. Rb1 Ng6 15. a3 Be7 16. Be3 Qd8 17. Bxg6+ hxg6 18. Qc2 Kf7 19. Qd2 Rh5 20. Ne2 Nxe5 21. Nxe5+ Rxe5 22. Ng3 Bc5 23. Qc3 Qf6 24. Qd2 Bxe3 25. fxe3 Qg5 26. Rf1+ Kg8 27. Rbe1 Bc6 28. Rf4 Rf8 29. Ref1 Rxf4 30. exf4 Qf6 31. fxe5 Qxe5 32. b4 a6 33. Re1 Qf6 34. Qe3 Bd7 35. Qc5 Qb2 36. Qa5 Qd4+ 37. Kh1 Qd2 38. Rf1 Bc6 39. Qd8+ Kh7 40. Rf8 Qe1+ 41. Nf1 g5 42. Qxg5 Qe2 43. Qh4+ Kg6 44. Qg3+ Kh6 45. Rh8# 1-0

[Event "Las Palmas Insular-chT Segunda-B 1617"]
[Site "Las Palmas"]
[Date "2017.01.14"]
[Round "8.4"]
[White "Vega Ortega, Francisco Andres"]
[Black "Hernandez Suarez, Francisco"]
[Result "1-0"]
[WhiteElo "1638"]
[BlackElo "1167"]
[PlyCount "73"]
[EventDate "2016.10.22"]
[EventType "team-tourn"]
[EventRounds "14"]
[EventCountry "ESP"]
[SourceTitle "EXT 2018"]
[Source "ChessBase"]
[SourceDate "2017.10.13"]
[SourceVersion "1"]
[SourceVersionDate "2017.10.13"]
[SourceQuality "1"]
[WhiteTeam "Mogan"]
[BlackTeam "Fundacion La Caja de Canarias IV"]
[WhiteTeamCountry "ESP"]
[BlackTeamCountry "ESP"]

1. e4 e5 2. Nf3 Nc6 3. Bc4 Nf6 4. d3 d5 5. exd5 Nxd5 6. c3 Na5 7. Bb5+ Nc6 8. Bxc6+ bxc6 9. Nxe5 Qf6 10. Qe2 Be7 11. 0-0 0-0 12. d4 a5 13. Qf3 c5 14. Qxd5 Ba6 15. Re1 Qd6 16. Qxd6 Bxd6 17. Be3 cxd4 18. cxd4 Rfe8 19. Nc3 Bxe5 20. dxe5 Rxe5 21. Bf4 Rc5 22. Re7 c6 23. Rae1 f6 24. h3 Rc4 25. Bg3 a4 26. a3 Rd4 27. Rc7 Rd2 28. Nxa4 Bb5 29. b3 Rd3 30. Nc5 Rc3 31. b4 Rcxa3 32. Ree7 Bc4 33. Rxg7+ Kf8 34. Rxh7 Bg8 35. Rh8 Ra1+ 36. Kh2 Rd1 37. Ne6+ 1-0